[Event "FICGS class E 000191 email"]
[Site "FICGS email"]
[Date "2016.08.24"]
[Round "1"]
[White "Barradas, Anderson"]
[Black "Kohut, Gregory"]
[Result "1-0"]
[WhiteElo "1220"]
[BlackElo "1466"]
[PlyCount "55"]
[EventDate "2016.??.??"]
[EventType "tourn (corr)"]
[EventRounds "5"]
[SourceTitle "Corr 2022"]
[Source "ChessBase"]
[SourceDate "2021.10.24"]
[SourceVersion "1"]
[SourceVersionDate "2021.10.24"]
[SourceQuality "1"]

1. e4 c5 2. Nf3 Nc6 3. d4 cxd4 4. Nxd4 g6 5. Nc3 Bg7 6. Nxc6 bxc6 7. Bd2 Rb8 8. b3 Nf6 9. Bd3 d5 10. 0-0 0-0 11. Rb1 Bg4 12. f3 dxe4 13. fxg4 exd3 14. g5 dxc2 15. Qxc2 Nd5 16. Rbd1 Qb6+ 17. Kh1 Bxc3 18. Bf4 Nxf4 19. Rxf4 Rbd8 20. Rxd8 Rxd8 21. h3 Bg7 22. a3 Qa5 23. Qc4 Rd5 24. Qxc6 Rd1+ 25. Kh2 Be5 26. Qe8+ Kg7 27. Qxf7+ Kh8 28. Qf8# 1-0

[Event "FICGS class E 000191 email"]
[Site "FICGS email"]
[Date "2016.08.24"]
[Round "1"]
[White "Kohut, Gregory"]
[Black "Joubert, Hennie"]
[Result "1-0"]
[WhiteElo "1466"]
[BlackElo "1227"]
[PlyCount "31"]
[EventDate "2016.??.??"]
[EventType "tourn (corr)"]
[EventRounds "5"]
[SourceTitle "Corr 2022"]
[Source "ChessBase"]
[SourceDate "2021.10.24"]
[SourceVersion "1"]
[SourceVersionDate "2021.10.24"]
[SourceQuality "1"]

1. e4 c5 2. Nf3 e6 3. d4 cxd4 4. Nxd4 Nf6 5. Nc3 Qb6 6. e5 Nd5 7. Nxd5 exd5 8. Nb3 Nc6 9. Qxd5 Be7 10. Bc4 0-0 11. 0-0 d6 12. exd6 Bxd6 13. Qxd6 Bf5 14. c3 Rad8 15. Qf4 Bg6 16. Be3 1-0

[Event "FICGS rapid E 000174 email"]
[Site "FICGS email"]
[Date "2016.07.16"]
[Round "1"]
[White "Benone, Mateia"]
[Black "Kohut, Gregory"]
[Result "1/2-1/2"]
[WhiteElo "1017"]
[BlackElo "1466"]
[PlyCount "64"]
[EventDate "2016.??.??"]
[EventType "tourn (rapid)"]
[EventRounds "6"]
[SourceTitle "Corr 2022"]
[Source "ChessBase"]
[SourceDate "2021.10.24"]
[SourceVersion "1"]
[SourceVersionDate "2021.10.24"]
[SourceQuality "1"]

1. e4 c5 2. c3 Nf6 3. e5 Nd5 4. d4 cxd4 5. cxd4 d6 6. Nf3 Nc6 7. Bc4 dxe5 8. dxe5 Be6 9. 0-0 Nc7 10. Qb3 Bxc4 11. Qxc4 e6 12. Nc3 Be7 13. Rd1 Qc8 14. Bf4 0-0 15. Rac1 Nb4 16. a3 Nbd5 17. Bg5 Qd8 18. Bxe7 Qxe7 19. Nxd5 Nxd5 20. Qc5 Qxc5 21. Rxc5 Rfc8 22. Rdc1 Ne7 23. Rxc8+ Rxc8 24. Rxc8+ Nxc8 25. Nd4 Kf8 26. f4 Nb6 27. Nb5 Nc4 28. b3 Nd2 29. Nxa7 Nxb3 30. Kf2 Ke7 31. Nc8+ Kf8 32. Nd6 Nc5 1/2-1/2

[Event "FICGS rapid E 000174 email"]
[Site "FICGS email"]
[Date "2016.07.16"]
[Round "1"]
[White "Kohut, Gregory"]
[Black "Goldmund, Heike"]
[Result "1-0"]
[WhiteElo "1466"]
[BlackElo "1114"]
[PlyCount "49"]
[EventDate "2016.??.??"]
[EventType "tourn (rapid)"]
[EventRounds "6"]
[SourceTitle "Corr 2022"]
[Source "ChessBase"]
[SourceDate "2021.10.24"]
[SourceVersion "1"]
[SourceVersionDate "2021.10.24"]
[SourceQuality "1"]

1. e4 d5 2. exd5 Qxd5 3. Nc3 Qa5 4. d4 Nf6 5. Nf3 Bf5 6. Bd2 c6 7. Bc4 Qc7 8. 0-0 e6 9. Nh4 Bg6 10. Nxg6 hxg6 11. g3 Bd6 12. Re1 Ke7 13. Bg5 Nbd7 14. d5 Rh5 15. Bxf6+ gxf6 16. dxe6 fxe6 17. Rxe6+ Kf8 18. Qxd6+ Qxd6 19. Rxd6 Ke7 20. Rad1 Rd8 21. Be6 Re5 22. Rxd7+ Rxd7 23. Bxd7 a6 24. Bc8 Rb5 25. Nxb5 1-0

[Event "FICGS rapid E 000174 email"]
[Site "FICGS email"]
[Date "2016.07.16"]
[Round "1"]
[White "Kohut, Gregory"]
[Black "Kehayov, Yulian"]
[Result "1-0"]
[WhiteElo "1466"]
[BlackElo "1031"]
[PlyCount "89"]
[EventDate "2016.??.??"]
[EventType "tourn (rapid)"]
[EventRounds "6"]
[SourceTitle "Corr 2022"]
[Source "ChessBase"]
[SourceDate "2021.10.24"]
[SourceVersion "1"]
[SourceVersionDate "2021.10.24"]
[SourceQuality "1"]

1. e4 e5 2. Nf3 d6 3. d4 exd4 4. Nxd4 c5 5. Nf3 b5 6. Bxb5+ Bd7 7. Bxd7+ Qxd7 8. 0-0 Nf6 9. Nc3 a6 10. Bf4 d5 11. exd5 Bd6 12. Re1+ Be7 13. d6 0-0 14. dxe7 Re8 15. Qxd7 Nbxd7 16. Rad1 g6 17. Bd6 Nb6 18. Bxc5 Nc8 19. Rd8 Nxe7 20. Rxa8 Rxa8 21. Rxe7 Re8 22. Rxe8+ Nxe8 23. Nd5 Ng7 24. Nd4 Ne6 25. Nxe6 fxe6 26. Nc7 a5 27. Bb6 a4 28. Nxe6 Kf7 29. Nd4 Kf6 30. Bc7 Ke7 31. b4 axb3 32. cxb3 Kd7 33. Be5 Kc8 34. b4 Kb7 35. a4 Kb6 36. b5 h5 37. h4 Kc5 38. a5 Kd5 39. f4 Ke4 40. a6 Kd5 41. a7 Ke4 42. a8Q+ Kd3 43. Qc6 Ke3 44. Qc2 g5 45. Qe2# 1-0

[Event "FICGS class E 000190 email"]
[Site "FICGS email"]
[Date "2016.07.16"]
[Round "1"]
[White "Ropokis, Dimitrios"]
[Black "Kohut, Gregory"]
[Result "1-0"]
[WhiteElo "1410"]
[BlackElo "1466"]
[PlyCount "51"]
[EventDate "2016.??.??"]
[EventType "tourn (corr)"]
[EventRounds "5"]
[SourceTitle "Corr 2022"]
[Source "ChessBase"]
[SourceDate "2021.10.24"]
[SourceVersion "1"]
[SourceVersionDate "2021.10.24"]
[SourceQuality "1"]

1. d4 d5 2. c4 Nc6 3. cxd5 Qxd5 4. e3 e5 5. Nc3 Bb4 6. a3 Bxc3+ 7. bxc3 Nf6 8. c4 Qd6 9. d5 Ne7 10. a4 Qb4+ 11. Bd2 Qd6 12. Bc1 c5 13. Bb2 0-0 14. Nf3 Ng6 15. Nd2 Bf5 16. Be2 Rfe8 17. g4 Bc8 18. h4 Nf8 19. g5 N6d7 20. Ne4 Qc7 21. Bd3 a5 22. d6 Qd8 23. Qf3 Ra7 24. h5 b6 25. Rd1 Bb7 26. Rg1 1-0